| Tag |
First Indicator |
Second Indicator |
Subfields |
| LEADER |
00000pam a2200000 a 4500 |
| 001 |
in00000294021 |
| 005 |
20151010080842.0 |
| 008 |
820720s1981 nyua b 10 10 eng |
| 010 |
|
|
|a 82013791
|z 82-11650
|
| 020 |
|
|
|a 0120687208
|
| 035 |
|
|
|a (OCoLC)08667703
|
| 035 |
|
|
|9 ABF6128AM
|
| 039 |
0 |
|
|a 2
|b 3
|c 3
|d 3
|e 3
|
| 040 |
|
|
|a DLC
|c DLC
|d TXA
|d UtOrBLW
|
| 049 |
|
|
|a TXAM
|c [1407345]
|
| 050 |
0 |
0 |
|a QC20.7 G44
|b I57 1981
|
| 082 |
0 |
|
|a 530.1/5
|2 19
|
| 111 |
2 |
|
|a International Seminar on Mathematical Theory of Dynamical Systems and Microphysics
|n (2nd :
|d 1981 :
|c Udine, Italy)
|
| 245 |
1 |
0 |
|a Dynamical systems and microphysics :
|b geometry and mechanics : the proceedings of the 2nd International Seminar on Mathematical Theory of Dynamical Systems and Microphysics held at the International Center for Mechanical Sciences at Udine, Italy, from September 1 to 11, 1981 /
|c edited by Andre Avez, Austin Blaquiere, Angelo Marzollo.
|
| 264 |
|
1 |
|a New York :
|b Academic Press,
|c 1982.
|
| 300 |
|
|
|a xiii, 465 pages :
|b illustrations ;
|c 24 cm.
|
| 336 |
|
|
|a text
|b txt
|2 rdacontent
|
| 337 |
|
|
|a unmediated
|b n
|2 rdamedia
|
| 338 |
|
|
|a volume
|b nc
|2 rdacarrier
|
| 504 |
|
|
|a Includes bibliographical references.
|
| 650 |
|
0 |
|a Geometry, Differential
|v Congresses.
|
| 650 |
|
0 |
|a Mechanics
|x Congresses.
|
| 650 |
|
0 |
|a System theory
|v Congresses.
|
| 650 |
|
0 |
|a Mathematical physics
|v Congresses.
|
| 700 |
1 |
|
|a Avez, A.
|q (André)
|
| 700 |
1 |
|
|a Blaquière, Austin.
|
| 700 |
1 |
|
|a Marzollo, Angelo.
|
| 999 |
|
|
|a MARS
|
| 999 |
f |
f |
|s 3abe94b6-e1e3-3e31-af84-7fbf1a2c7344
|i 948ee336-d77e-34cd-832a-2302c59e7e41
|t 0
|
| 952 |
f |
f |
|p ric
|a Texas A&M University
|b Rellis Campus
|c Joint Library Facility
|d Remote Storage
|t 0
|e QC20.7 G44 I57 1981
|h Library of Congress classification
|i unmediated -- volume
|m A14806406007
|
| 998 |
f |
f |
|a QC20.7 G44 I57 1981
|t 0
|l Remote Storage
|